Manual de práctica presupuestaria moderna
Saved in:
| Format: | Book |
|---|---|
| Language: | Spanish |
| Published: |
Nueva York
Alexander Hamilton Institute
1983
|
| Subjects: | |
| Tags: |
Add Tag
No Tags, Be the first to tag this record!
|
MARC
| LEADER | 00000nam a2200000 a 4500 | ||
|---|---|---|---|
| 001 | UCN6935 | ||
| 003 | CL-VaPUC | ||
| 008 | 011005e19830000US |||||||||||||||||spa|d | ||
| 082 | 0 | 4 | |a 658.154 |b MAN |2 21 |
| 245 | 1 | 0 | |a Manual de práctica presupuestaria moderna |
| 300 | |a 90 p | ||
| 942 | |c BK | ||
| 945 | |d 20011005 00:00:00 |a crobeson | ||
| 260 | |a Nueva York |b Alexander Hamilton Institute |c 1983 | ||
| 650 | 0 | |a Presupuestos |9 262669 | |
| 650 | 0 | |a Administración financiera |9 261146 | |
| 650 | 0 | |a Control presupuestario |9 345693 | |
| 583 | |a last modification |c 20011005 00:00:00 |k Rodrigo Vera | ||
| 999 | |c 297491 |d 297489 | ||
| 952 | |0 0 |1 0 |4 0 |6 658_154000000000000_MAN_1983 |7 0 |8 A |9 352272 |a BIBGIM |b BIBGIM |d 2019-11-21 |i 3597067 |o 658.154 MAN 1983 |p 3597067 |r 2025-01-15 |w 2019-11-21 |y BK |k GIM | ||